Проблемы инвестиционных вливаний в экономику России; Т. 1
| Parent link: | Т. 1.— 2009.— С. 35-39 |
|---|---|
| Egile nagusia: | |
| Hizkuntza: | errusiera |
| Argitaratua: |
2009
|
| Gaiak: | |
| Formatua: | MixedMaterials Liburu kapitulua |
| KOHA link: | https://koha.lib.tpu.ru/cgi-bin/koha/opac-detail.pl?biblionumber=176024 |
MARC
| LEADER | 00000naa2a2200000 4500 | ||
|---|---|---|---|
| 001 | 176024 | ||
| 005 | 20231031165200.0 | ||
| 035 | |a (RuTPU)RU\TPU\book\190825 | ||
| 090 | |a 176024 | ||
| 100 | |a 20100219d2009 k y0rusy50 ca | ||
| 101 | 0 | |a rus | |
| 102 | |a RU | ||
| 200 | 1 | |a Проблемы инвестиционных вливаний в экономику России |f Н. С. Кочнева | |
| 320 | |a Библиогр.: 5 назв. | ||
| 463 | 0 | |0 (RuTPU)RU\TPU\book\186920 |t Т. 1 |v С. 35-39 |d 2009 |p 183 с. | |
| 610 | 1 | |a экономика | |
| 610 | 1 | |a Россия | |
| 610 | 1 | |a инвестиции | |
| 610 | 1 | |a труды учёных ТПУ | |
| 700 | 1 | |a Кочнева |b Н. С. | |
| 801 | 1 | |a RU |b 63413507 |c 20100219 | |
| 942 | |c BK | ||